00377nam a2200109Ia 450000500170000000800410001708200150005810000560007324501140012926000090024330000150025220210429153911.0210429s9999 xx 000 0 und d a660 A3151L aM. Yalmaz Akhtar, M. Uzair Qureshi, Anas Bin Ashraf aLow Temperature Heat recovery system using organic and ammonis rankine cycle technology with CD (UG CHE-2016) c2016 a102p.30cm.